• 首页
  • 本馆介绍
  • 公告通知
  • 最新文献
  • 馆藏检索
  • 电子资源
  • 读者导购
  • 参考咨询
  • 我的图书馆
  • 登录
  • 详细信息显示
  • 放入我的书架
  • 预约/预借图书
  • 作者相关作品
  • 分类相关作品
  • 丛书相关作品
  • 出版社相关作品

书目信息

  • 表格格式
  • 工作单格式
  • 卡片格式
题名:
可再生能源发展综述
    
 
作者: 钱伯章 编
分册:  
出版信息: 北京   科学出版社  2010
页数: 160页
开本: 24cm
丛书名: 新能源技术丛书
单 册:
中图分类: TK01
科图分类:
主题词: 再生能源--能源开发 , 再生能源 , 能源开发
电子资源:
ISBN: 978-7-03-027895-1
000 00974oam2 2200277 45
001 1130155531
005 20110309140913.50
010    @a978-7-03-027895-1@dCNY24.00
100    @a20110107d2010 em y0chiy0110 ea
101 0  @achi
102    @aCN@b110000
105    @ak z 000yy
106    @ar
200 1  @a可再生能源发展综述@AKe Zai Sheng Neng Yuan Fa Zhan Zong Shu@f钱伯章编@FQian Bo Zhang Bian
210    @a北京@c科学出版社@d2010
215    @a160页@d24cm
225 2  @a新能源技术丛书
330    @a本书详细介绍可再生能源开发现状、资源潜力和前景预测,可再生能源对碳减排的贡献,不同发电方案的比较与智能电网投资,跨国石油公司的新能源战略,世界各国(地区)可再生能源和新能源利用与规划,中国可再生能源利用现状和规划。
461  0 @12001 @a新能源技术丛书
606 0  @a再生能源@x能源开发
606 0  @a再生能源
606 0  @a能源开发
690    @aTK01@v4
701  0 @a钱伯章@AQian Bo Zhang@4编
801  0 @aCN@bTANGWEI@c20110309
905    @b0529931-34@dTK01@e108@f4
    
    可再生能源发展综述/钱伯章编.-北京:科学出版社,2010
    160页;24cm.-(新能源技术丛书)
    
    
    ISBN 978-7-03-027895-1:CNY24.00
    本书详细介绍可再生能源开发现状、资源潜力和前景预测,可再生能源对碳减排的贡献,不同发电方案的比较与智能电网投资,跨国石油公司的新能源战略,世界各国(地区)可再生能源和新能源利用与规划,中国可再生能源利用现状和规划。
●
相关链接 在E读中查询图书 在五车中查询图书 在当当中查询图书 在豆瓣中查询图书


正题名:可再生能源发展综述     索取号:TK01/108         预约/预借

序号 登录号 条形码 馆藏地/架位号 状态 备注
1 0529931   205299318   第二样本阅览室/ [索取号:TK01/108] 在馆    
2 0529932   205299327   第三借阅区/ [索取号:TK01/108] 在馆    
3 0529933   205299336   第三借阅区/ [索取号:TK01/108] 在馆    
4 0529934   205299345   密集书库-生命科学系/ [索取号:TK01/108] 在馆    
唐山师范学院图书馆 欢迎您!
大连网信软件有限公司© 版权所有